La reina de Rapa Nui / (Record no. 9161)
[ view plain ]
| 000 -CABECERA | |
|---|---|
| campo de control de longitud fija | 00433cam a22001457a 4500 |
| 001 - NÚMERO DE CONTROL | |
| campo de control | 000009401 |
| 005 - FECHA Y HORA DE LA ÚLTIMA TRANSACCIÓN | |
| campo de control | 20200929161600.0 |
| 008 - DATOS DE LONGITUD FIJA--INFORMACIÓN GENERAL | |
| campo de control de longitud fija | 841129s1983 cl 000 0 spa |
| 040 ## - FUENTE DE LA CATALOGACIÓN | |
| Centro catalogador/agencia de origen | DO-SdBNP |
| Lengua de catalogación | spa |
| Centro/agencia transcriptor | BNPHU |
| 100 1# - ENTRADA PRINCIPAL--NOMBRE DE PERSONA | |
| Nombre de persona | Prado, Pedro, |
| Fechas asociadas al nombre | 1886-1952. |
| 9 (RLIN) | 24187 |
| 245 13 - MENCIÓN DE TÍTULO | |
| Título | La reina de Rapa Nui / |
| Mención de responsabilidad, etc. | Pedro Prado. |
| 260 ## - PUBLICACIÓN, DISTRIBUCIÓN, ETC. | |
| Lugar de publicación, distribución, etc. | Santiago : |
| Nombre del editor, distribuidor, etc. | Editorial Andres Bello, |
| Fecha de publicación, distribución, etc. | [1983]. |
| 300 ## - DESCRIPCIÓN FÍSICA | |
| Extensión | 65 p. ; |
| Dimensiones | 19 cm. |
| 490 0# - MENCIÓN DE SERIE | |
| Mención de serie | Editorial Andres Bello ; |
| Designación de volumen o secuencia | 4 |
| Estado de retiro | Estado de pérdida | Restricciones de uso | No para préstamo | Código de colección | Localización permanente | Ubicación/localización actual | Ubicación en estantería | Fecha de adquisición | Número de inventario | Total de préstamos | Signatura topográfica completa | Código de barras | Fecha visto por última vez | Precio válido a partir de | Tipo de ítem Koha |
|---|---|---|---|---|---|---|---|---|---|---|---|---|---|---|---|
| Préstamo interno | Monografías: Libros y Folletos | General | General | En catalogación | 29.09.2009 | LF1 | 9401-10 | 25.06.2020 | 25.06.2020 | Préstamo interno |
